| 000 | 00585nam a2200169 4500 | ||
|---|---|---|---|
| 001 | 156258 | ||
| 003 | ES-MaACL | ||
| 005 | 20250709063219.0 | ||
| 008 | 950504s1864 fr |||| | fre d | ||
| 040 |
_aEUS _bspa _cEUS |
||
| 100 | 1 |
_aJanin, Jules Gabriel, _d1804-1874 _966026 |
|
| 245 | 1 | 3 |
_aLa poésie et l'éloquence a Rome au temps des Césars / _cpar Jules Janin. |
| 260 |
_aParis : _bLibrairie Académique Didier et Ce, _c1864 ( _fBonaventure et Ducessois) |
||
| 300 |
_aXIV, 491 p. ; _c23 cm. |
||
| 852 |
_aES-MaACL _jG-7977 _z-- Enc. hol. |
||
| 999 |
_c156258 _d156258 |
||